Analýza a perspektívy zahraničného obchodu medzi SR a Ukrajinou bakalárska práca

Salvato in:
Dettagli Bibliografici
Autore principale: Krnáčová, Katarína
Ente Autore: Obchodná fakulta EU. Katedra medzinárodného obchodu
Altri autori: Žatko, Matúš, 1991-
Natura: Libro
Lingua:slovacco
Pubblicazione: Bratislava 2017
Tags: Aggiungi Tag
Nessun Tag, puoi essere il primo ad aggiungerne!!

MARC

LEADER 00000nbm a2200000 4500
001 0232890
005 20170818095727.1
041 0 |a slo 
044 |a SK 
245 1 0 |a Analýza a perspektívy zahraničného obchodu medzi SR a Ukrajinou  |b bakalárska práca  |c Katarína Krnáčová ; školiteľ: Matúš Žatko 
264 1 |a Bratislava  |c 2017 
300 |a 54 s. 
100 1 |a Krnáčová, Katarína 
700 1 |a Žatko, Matúš, 1991- 
710 2 |a Obchodná fakulta EU. Katedra medzinárodného obchodu